Zollinger's外科手術圖譜 / (Record no. 7642)

MARC details
000 -記錄標示
fixed length control field 01004cam a2200313 4500
001 - 控制號(記錄識別欄)
control field 30432
003 - 控制號標識
控制識別號 KVGH
005 - 最後更新時間
control field 20250701154443.0
008 - 定長欄資料代碼
fixed length control field 111208s2013 ch a f 000 0 chi d
020 ## - 國際標準書號
國際標準書號 9789861579399 (精裝) :
價格與相關資訊 NT$2,800
040 ## - 編目來源
原編目機構 VGHKS
041 1# - 語言代碼
正文或其他題名語言代碼 chi
翻譯作品原文 eng
042 ## - 編目審定機構代碼
編定審定機構代碼 nbic
084 ## - 其它分類號
分類號 416.025
090 ## - 館藏紀錄
Classification number (OCLC) (R) ; Classification number, CALL (RLIN) (NR) 416.025
100 1# - 主要款目--主要著者
個人姓名 佐林格,
作者原名 (Zollinger, Robert M.)
245 10 - 題名及著者敘述項
正題名 Zollinger's外科手術圖譜 /
著者敍述 Robert M. Zollinger, E.Christopher Ellison原著 ; 楊明杰譯
250 ## - 版本項
版本敍述 初版
260 ## - 出版項
出版地 臺北市 :
出版者 麥格羅.希爾 :
-- 合記,
出版年 2013.01
300 ## - 稽核項
數量(面數, 冊數或其他) 629 面 :
插圖及其他 彩圖, 表 ;
高廣尺寸 27 公分
500 ## - 一般註
一般註 著者分別譯為佐林格、埃利森
500 ## - 一般註
一般註 譯自 : Zollinger's atlas of surgical operations, 9th.
650 #7 - 標題附加款目--主題用語
主題用語 外科
標題系統出處 lcstt.
650 #7 - 標題附加款目--主題用語
主題用語 圖錄
標題系統出處 lcstt.
700 1# - 附加款目--個人名稱
個人姓名 埃利森,
頭銜等修飾語 (Ellison, E. Christopher)
700 1# - 附加款目--個人名稱
個人姓名 楊明杰
740 0# - 附加款目--非未控制相關/分析題名
非控制相關/分析題名 Zollinger's atlas of surgical operations, 9th.
942 ## - 附加款目元素 (KOHA)
分類法來源 中文圖書分類法
Koha 館藏類型 長期借閱書籍
Holdings
撤銷狀態 遺失狀態 分類號來源 損壞狀態 不外借 永久館藏地 現在館藏地 書架位置 採購日期 全部借出 全部續借 完整索書號 條碼號 還書日 最後一次日期記錄 Date last checked out 一般價格有效日期 Koha館藏類型
未註銷館藏 未遺失 中文圖書分類法 未損毀 可外借 怡仁綜合醫院圖書館 怡仁綜合醫院圖書館 開刀房 2025-07-01 5 2 416.025 C03231 2026-06-30 2026-01-02 2026-01-02 2025-07-01 長期借閱書籍

怡仁綜合醫院 | 圖書室

📍 32643 桃園市楊梅區楊新北路321巷30號 B1F

院內分機 8232 (圖書室) ‧ 6155 (教學研究部)

聯絡信箱 a9672@yeezen.com.tw